<?xml version="1.0" encoding="UTF-8"?>
<record
    xmlns:xsi="http://www.w3.org/2001/XMLSchema-instance"
    xsi:schemaLocation="http://www.loc.gov/MARC21/slim http://www.loc.gov/standards/marcxml/schema/MARC21slim.xsd"
    xmlns="http://www.loc.gov/MARC21/slim">

  <leader>02447nam a22003737a 4500</leader>
  <controlfield tag="003">OSt</controlfield>
  <controlfield tag="005">20210929123106.0</controlfield>
  <controlfield tag="007">ta</controlfield>
  <controlfield tag="008">210917s2019    ck  o||er|||| 00| 0dspa d</controlfield>
  <datafield tag="020" ind1=" " ind2=" ">
    <subfield code="a">9789585404328</subfield>
  </datafield>
  <datafield tag="040" ind1=" " ind2=" ">
    <subfield code="a">CO-BoRNBP</subfield>
    <subfield code="b">spa</subfield>
    <subfield code="c">CO-BqBPB</subfield>
    <subfield code="e">rda</subfield>
  </datafield>
  <datafield tag="041" ind1="1" ind2=" ">
    <subfield code="a">spa</subfield>
    <subfield code="h">ita</subfield>
  </datafield>
  <datafield tag="082" ind1="0" ind2="4">
    <subfield code="a">701.17</subfield>
    <subfield code="b">E16a</subfield>
  </datafield>
  <datafield tag="100" ind1="1" ind2=" ">
    <subfield code="a">Eco, Umberto</subfield>
    <subfield code="d">1932-2016</subfield>
    <subfield code="e">autor</subfield>
    <subfield code="9">100056</subfield>
  </datafield>
  <datafield tag="245" ind1="1" ind2="0">
    <subfield code="a">A hombros de gigantes</subfield>
    <subfield code="b">conferencias en La Milanesiana 2001-2015</subfield>
    <subfield code="c">Humbero Eco ; traducido del italiano por Maria Pons Irazaz&#xE1;bal</subfield>
  </datafield>
  <datafield tag="250" ind1=" " ind2=" ">
    <subfield code="a">Primera edici&#xF3;n </subfield>
    <subfield code="b">Primera reimpresi&#xF3;n</subfield>
  </datafield>
  <datafield tag="264" ind1=" " ind2="1">
    <subfield code="a">Bogot&#xE1;</subfield>
    <subfield code="b">Penguin Random House</subfield>
    <subfield code="b">Lumen</subfield>
    <subfield code="c">2019</subfield>
  </datafield>
  <datafield tag="300" ind1=" " ind2=" ">
    <subfield code="a">396 p&#xE1;ginas</subfield>
    <subfield code="b">ilustraciones, fotograf&#xED;as a color</subfield>
    <subfield code="c">24 cm</subfield>
  </datafield>
  <datafield tag="336" ind1=" " ind2=" ">
    <subfield code="2">rdacontent</subfield>
    <subfield code="a">texto</subfield>
    <subfield code="b">txt</subfield>
  </datafield>
  <datafield tag="337" ind1=" " ind2=" ">
    <subfield code="2">rdamedia</subfield>
    <subfield code="a">sin mediaci&#xF3;n</subfield>
    <subfield code="b">n</subfield>
  </datafield>
  <datafield tag="338" ind1=" " ind2=" ">
    <subfield code="2">rdacarrier</subfield>
    <subfield code="a">volumen</subfield>
    <subfield code="b">nc</subfield>
  </datafield>
  <datafield tag="490" ind1="0" ind2=" ">
    <subfield code="a">Lumen. Ensayo</subfield>
  </datafield>
  <datafield tag="500" ind1=" " ind2=" ">
    <subfield code="a">&#xAB;Somos como enanos que est&#xE1;n a hombros de gigantes, de modo que podemos ver m&#xE1;s lejos que ellos, no tanto por nuestra estatura o nuestra agudeza visual, sino porque, al estar sobre sus hombros, estamos m&#xE1;s altos que ellos.&#xBB;
Bernardo de Chartres

A hombros de gigantes representa para los lectores de Eco un evento festivo. Lejos de las aulas universitarias, de las conferencias acad&#xE9;micas y de las ceremonias de honor Eco escribe estos textos a lo largo de tres lustros, para entretener a los numeros&#xED;simos espectadores de la Milanesiana, el festival creado y dirigido por Elisabetta Sgarbi.

Son textos que se inspiran a menudo en el tema central elegido cada a&#xF1;o en la Milanesiana, pero que luego recorren r&#xED;os de repertorios que beben de la filosof&#xED;a, la literatura, la est&#xE9;tica, la &#xE9;tica y los medios de comunicaci&#xF3;n para devolvernos, en un lenguaje afable, imbuido de iron&#xED;a, a veces l&#xFA;dico o mordaz, la quintaesencia del universo de Eco.</subfield>
  </datafield>
  <datafield tag="504" ind1=" " ind2=" ">
    <subfield code="a">Incluye referencias bibliogr&#xE1;ficas</subfield>
  </datafield>
  <datafield tag="521" ind1=" " ind2=" ">
    <subfield code="a">Recomendado para un p&#xFA;blico adulto</subfield>
  </datafield>
  <datafield tag="534" ind1=" " ind2=" ">
    <subfield code="t">Sulle spalle dei giganti: lezioni alla Milanesiana 2001-2015</subfield>
  </datafield>
  <datafield tag="545" ind1=" " ind2=" ">
    <subfield code="a">Incluye datos biogr&#xE1;ficos del autor en la solapa</subfield>
  </datafield>
  <datafield tag="600" ind1="1" ind2="4">
    <subfield code="a">Eco, Umberto</subfield>
    <subfield code="d">1932-2016</subfield>
    <subfield code="x">Colecciones de escritos</subfield>
    <subfield code="9">112386</subfield>
  </datafield>
  <datafield tag="650" ind1="1" ind2="7">
    <subfield code="a">Filosof&#xED;a del arte</subfield>
    <subfield code="v">Ensayos, conferencias, etc.</subfield>
    <subfield code="2">LEMB</subfield>
    <subfield code="9">191615</subfield>
  </datafield>
  <datafield tag="650" ind1="1" ind2="7">
    <subfield code="a">Est&#xE9;tica</subfield>
    <subfield code="v">Ensayos, conferencias, etc.</subfield>
    <subfield code="2">LEMB</subfield>
    <subfield code="9">191616</subfield>
  </datafield>
  <datafield tag="650" ind1="1" ind2="7">
    <subfield code="a">Arte y religi&#xF3;n</subfield>
    <subfield code="v">Ensayos, conferencias, etc.</subfield>
    <subfield code="2">LEMB</subfield>
    <subfield code="9">191617</subfield>
  </datafield>
  <datafield tag="700" ind1="1" ind2=" ">
    <subfield code="a">Pons Irazaz&#xE1;bal, Maria</subfield>
    <subfield code="e">traductora</subfield>
    <subfield code="9">112391</subfield>
  </datafield>
  <datafield tag="942" ind1=" " ind2=" ">
    <subfield code="2">ddc</subfield>
    <subfield code="c">BK</subfield>
  </datafield>
  <datafield tag="999" ind1=" " ind2=" ">
    <subfield code="c">13856</subfield>
    <subfield code="d">13856</subfield>
  </datafield>
  <datafield tag="952" ind1=" " ind2=" ">
    <subfield code="0">0</subfield>
    <subfield code="1">0</subfield>
    <subfield code="2">ddc</subfield>
    <subfield code="4">0</subfield>
    <subfield code="7">0</subfield>
    <subfield code="8">GEN</subfield>
    <subfield code="a">BPMOS</subfield>
    <subfield code="b">BPMOS</subfield>
    <subfield code="d">2021-09-29</subfield>
    <subfield code="e">COMPRA</subfield>
    <subfield code="l">0</subfield>
    <subfield code="o">701.17 E16a</subfield>
    <subfield code="p">MOS501745</subfield>
    <subfield code="r">2021-09-29</subfield>
    <subfield code="t">EJ 1</subfield>
    <subfield code="w">2021-09-29</subfield>
    <subfield code="y">BK</subfield>
    <subfield code="z">Quince dias</subfield>
  </datafield>
  <datafield tag="952" ind1=" " ind2=" ">
    <subfield code="0">0</subfield>
    <subfield code="1">0</subfield>
    <subfield code="2">ddc</subfield>
    <subfield code="4">0</subfield>
    <subfield code="7">0</subfield>
    <subfield code="8">GEN</subfield>
    <subfield code="a">BPMOS</subfield>
    <subfield code="b">BPMOS</subfield>
    <subfield code="d">2021-09-29</subfield>
    <subfield code="e">COMPRA</subfield>
    <subfield code="l">1</subfield>
    <subfield code="m">7</subfield>
    <subfield code="o">701.17 E16a</subfield>
    <subfield code="p">MOS501746</subfield>
    <subfield code="r">2022-09-28</subfield>
    <subfield code="s">2022-07-25</subfield>
    <subfield code="t">EJ 2</subfield>
    <subfield code="w">2021-09-29</subfield>
    <subfield code="y">BK</subfield>
    <subfield code="z">Quince dias</subfield>
  </datafield>
</record>
